MIC 2024 - Statistiques

Statistiques générales
  • Ce quiz a été pris 5 fois
  • Le résultat moyen est 19 sur 22
Statistiques - réponses
Hint Réponse % Correct
l'ENS ? Très peu pour moi cécile
100%
Kawaii Eloise
100%
Simone Veil Fayçal
100%
Part aux Oscars fleur
100%
6h d'absences injustifiées en 2 jours Julie
100%
DRAC, CRAC,PBA, ICOM, ADAGP julien
100%
les yeux de la baleine louise
100%
crush de Marion Cottilard Lucille
100%
pets thérapeutiques Malou
100%
Cantatrice théâtrale Nerea
100%
Bioman immobile rayane
100%
Cascadeuse du métro Sarah
100%
Benchendikh comme ennemi n°1 selma
100%
Grégoire ou Jacques Erick servane
100%
Crésus local sixtine
100%
Futur directeur du Palais de Tokyo téo
100%
Ni Paris ni Lille Tom
100%
maîtresse d'escape game Audrey
50%
Esclave moderne Chloé
50%
les sanglots longs des violons de l'automne Clara
50%
réincarnation de Céline Dion Romane
50%
une vie sur pellicule Iris
0%
Aucun quiz correspondant
Distribution des résultats
% des personnes avec chaque résultat
Percentile par nombre de réponses
Votre historique - résultats
Vous n’avez pas pris ce quiz